Представление документа в формате RUSMARC

ПолеНазваниеЗначение
  Тип записи a
  Библиографический уровень a
001 Контрольный номер RU/CBS_UL/BASE/573214792
005 Дата корректировки 20250819131124.3
100 Данные общей обработки __
a Данные общей обработки 20180301d2018 ||| 0rusy0189 ca
101 Язык документа 0_
a Язык текста rus
102 Страна публикации __
a Страна публикации RU
105 Кодированные данные (монография) __
a Кодированные данные (монография) y###||||000|y
200 Заглавие и сведения об ответственности 1_
a Заглавие В споре рождается... шедевр
e Сведения, относящиеся к заглавию [история портрета П.В. Кукольника, написанного великим русским художником К. Брюлловым и хранящимся в Ульяновском художественном музее]
f Первые сведения об ответственности Л. Баюра
300 Общие примечания __
a Общие примечания Ограничения по возрасту - 12+
461 Уровень набора _0
1 2000
a Мономах
463 Уровень физической единицы _0
1 001RU/CBS_UL/BASE/573142025
1 2000
a № 1
v С. 30-31
1 210
d 1994
600 Персоналии _0
a Персоналии (Фамилия) Кукольник
b Персоналии (Имя, инициалы) П. В.
600 Персоналии _0
a Персоналии (Фамилия) Брюллов
b Персоналии (Имя, инициалы) К. П.
606 Тематические рубрики 0_
a Основная рубрика Ульяновский областной художественный музей
610 Ключевые слова 0_
a Ключевые слова художественные музеи
610 Ключевые слова 0_
a Ключевые слова музеи
610 Ключевые слова 0_
a Ключевые слова русские художники
610 Ключевые слова 0_
a Ключевые слова художники
610 Ключевые слова 0_
a Ключевые слова история портретов
610 Ключевые слова 0_
a Ключевые слова портреты
610 Ключевые слова 0_
a Ключевые слова русские историки
610 Ключевые слова 0_
a Ключевые слова поэты
610 Ключевые слова 0_
a Ключевые слова драматурги
610 Ключевые слова 0_
a Ключевые слова преподаватели
686 Индексы других классификаций __
a Классификационный индекс 85.143(2)
2 Код системы ББК
686 Индексы других классификаций __
a Классификационный индекс 79.1
2 Код системы ББК
700 Автор _1
a Фамилия Баюра
b Имя (инициалы) Л.
801 Источник записи _0
a Страна RU
b Организация МБУК ЦБС г. Ульяновска
c Дата составления 20180301
g Правила каталогизации RCR
801 Источник записи _1
a Страна RU
b Организация МБУК ЦБС г. Ульяновска
c Дата составления 20180301
g Правила каталогизации RCR
900 Электронные ресурсы __
a Имя электронного ресурса Баюра В споре
901 Тип документа __
t Тип документа b
w Контрольный № источника RU/CBS_UL/BASE/573142025
910 Корректоры записи __
a Корректор записи Нецеевский
938 Служебная информация __
a Имя БД kraeved